Boston Bruins Players - Statistics

General Stats
  • This quiz has been taken 241 times
  • The average score is 12 of 26
Answer Stats
# Player % Correct
37 Patrice Bergeron
91%
63 Brad Marchand
84%
33 Zdeno Chara
84%
40 Tuukka Rask
82%
17 Milan Lucic
64%
46 David Krejci
63%
47 Torey Krug
61%
11 Gregory Campbell
47%
86 Kevan Miller
47%
54 Adam McQuaid
45%
44 Dennis Seidenberg
43%
23 Chris Kelly
42%
22 Shwan Thornton
42%
20 Daniel Paille
41%
55 Johnny Boychuk
41%
91 Marc Savard
40%
27 Dougie Hamilton
39%
18 Reilly Smith
37%
12 Jarome Iginla
36%
34 Carl Soderberg
32%
21 Loui Eriksson
31%
38 Jordan Caron
30%
30 Chad Johnson
22%
43 Matt Bartkowski
22%
6 Corey Potter
10%
41 Andrej Mezaros
9%
No matching quizzes found
Score Distribution
Percent of People with Each Score
Percentile by Number Answered
Your Score History
You have not taken this quiz